Indicadors de seguiment : pressupost ... pressupost ...
Descripción Física:
v. ; 30 cm
MARC
| LEADER | 00000nam a2200000Ia 4500 | ||
|---|---|---|---|
| 001 | 20973 | ||
| 008 | 160829s2006- xx 000 0 cat d | ||
| 080 | |a Pressupostos | ||
| 110 | 1 | |a Barcelona (Catalunya : Província). |b Diputació |9 52408 | |
| 245 | |a Indicadors de seguiment : |b pressupost ... | ||
| 260 | |a Barcelona : |b Diputació de Barcelona, |c 2006- | ||
| 300 | |a v. ; |c 30 cm | ||
| 590 | |a Variant del títol: IS | ||
| 610 | 1 | 0 | |a Barcelona (Catalunya : Província). |b Diputació |x Assignacions pressupostàries i despeses |9 53789 |
| 866 | |a 2006 (2n trim.) | ||
| 901 | |a Arxiu | ||
| 942 | |n 1 | ||
| 952 | |0 0 |1 0 |4 0 |6 PRESSUPOSTOS |7 1 |9 50625 |a Arxiu |b Arxiu |d 2016-12-01 |l 0 |o Pressupostos |p 20973 |r 2016-12-01 00:00:00 |w 2016-12-01 |y ARXIU | ||
| 999 | |c 54467 |d 54467 | ||